| 000 | 00766nam a2200133Ia 4500 | ||
|---|---|---|---|
| 008 | 171212s9999 xx 000 0 und d | ||
| 020 | _a9780833042101 | ||
| 100 | _aDrew, John G.;Lynch, Kristin F.;Masters, James M.;Tripp, Robert S.;Roll, Charles Robert Jr. | ||
| 245 |
_cDrew, John G.;Lynch, Kristin F.;Masters, James M.;Tripp, Robert S.;Roll, Charles Robert Jr. _aOptions for Meeting the Maintenance Demands of Active Associate Flying Units |
||
| 260 |
_bRAND Corporation _c2008 |
||
| 650 | _aAirplanes, Military -- United States -- Maintenance and repair; United States -- Air National Guard; United States. Air Force -- Operational readiness; Air pilots, Military -- United States | ||
| 650 | _aPolitical Science | ||
| 856 | _uwww.jstor.org/stable/10.7249/mg611af | ||
| 999 |
_c352382 _d352382 |
||